[Event "Belgorod Elo"]
[Site "Belgorod"]
[Date "2007.06.08"]
[Round "13"]
[White "Rozhdestvenskiy, Sergey"]
[Black "Zhirizhov, Vladimir"]
[Result "1-0"]
[WhiteElo "2093"]
[BlackElo "2036"]
[PlyCount "63"]
[EventDate "2007.06.01"]
[EventType "tourn"]
[EventRounds "17"]
[EventCountry "RUS"]
[SourceTitle "EXT 2009"]
[Source "ChessBase"]
[SourceDate "2008.11.26"]
[SourceVersion "1"]
[SourceVersionDate "2008.11.26"]
[SourceQuality "1"]

1. g3 d5 2. Bg2 c6 3. d3 Nf6 4. Nc3 Bg4 5. h3 Bh5 6. Nf3 Nbd7 7. Bf4 e6 8. 0-0 Bc5 9. Qe1 Qe7 10. e4 e5 11. Bd2 dxe4 12. Nxe4 Nxe4 13. Qxe4 0-0 14. Nh4 Rae8 15. b4 Bb6 16. Rae1 Qe6 17. Qf5 Nf6 18. Qxe6 Rxe6 19. g4 Bg6 20. a4 Rfe8 21. a5 Bc7 22. b5 Nd5 23. bxc6 bxc6 24. Rb1 Nf4 25. Rb7 Nxg2 26. Kxg2 Bd6 27. Be3 e4 28. Nxg6 hxg6 29. Rxa7 exd3 30. cxd3 Bb4 31. a6 c5 32. Ra1 1-0

[Event "Belgorod Elo"]
[Site "Belgorod"]
[Date "2007.06.04"]
[Round "6"]
[White "Rozhdestvenskiy, Sergey"]
[Black "Gorbunova, Alexandra"]
[Result "1/2-1/2"]
[WhiteElo "2093"]
[BlackElo "1969"]
[PlyCount "28"]
[EventDate "2007.06.01"]
[EventType "tourn"]
[EventRounds "17"]
[EventCountry "RUS"]
[SourceTitle "EXT 2009"]
[Source "ChessBase"]
[SourceDate "2008.11.26"]
[SourceVersion "1"]
[SourceVersionDate "2008.11.26"]
[SourceQuality "1"]

1. Nf3 g6 2. c4 Bg7 3. g3 Nf6 4. d4 d6 5. Bg2 0-0 6. 0-0 Nbd7 7. Nc3 e5 8. h3 c6 9. e4 Qb6 10. d5 Nc5 11. Qe2 cxd5 12. cxd5 Bd7 13. Be3 Rac8 14. Rac1 a5 1/2-1/2

[Event "RUS Central Region-ch U16"]
[Site "Tula"]
[Date "2004.11.03"]
[Round "2"]
[White "Statsenko, Viktor"]
[Black "Rozhdestvenskiy, Sergey"]
[Result "0-1"]
[WhiteElo "2097"]
[BlackElo "1946"]
[PlyCount "116"]
[EventDate "2004.11.02"]
[EventType "swiss"]
[EventRounds "9"]
[EventCountry "RUS"]
[SourceTitle "EXT 2006"]
[Source "ChessBase"]
[SourceDate "2005.11.24"]
[SourceVersion "1"]
[SourceVersionDate "2005.11.24"]
[SourceQuality "1"]

1. Nf3 Nf6 2. g3 g6 3. Bg2 Bg7 4. 0-0 0-0 5. d3 d6 6. Nbd2 Nc6 7. c4 e5 8. Rb1 a5 9. b3 Nh5 10. a3 f5 11. b4 Be6 12. b5 Nb8 13. Qc2 Nd7 14. a4 b6 15. Nb3 f4 16. Ba3 Rb8 17. Rbd1 g5 18. Qc1 Nc5 19. Nxc5 bxc5 20. Qc2 h6 21. Bc1 Qc8 22. Rfe1 Bh3 23. Nd2 Bxg2 24. Kxg2 fxg3 25. hxg3 Nf4+ 26. gxf4 Qg4+ 27. Kf1 Qh3+ 28. Kg1 Rxf4 29. Ne4 Rg4+ 30. Ng3 h5 31. e4 h4 32. Re3 Rf8 33. Qe2 hxg3 34. Rxg3 Rxg3+ 35. fxg3 Qxg3+ 36. Qg2 Qxg2+ 37. Kxg2 Bf6 38. Rf1 Kg7 39. Rf5 Kg6 40. Bxg5 Kg7 41. Kg3 Bxg5 42. Rxg5+ Kh6 43. Rg4 Rf1 44. Kg2 Ra1 45. Rg8 Rxa4 46. Rc8 Ra3 47. Rxc7 Rxd3 48. Rd7 Kg5 49. b6 Kf4 50. Kf2 Rd2+ 51. Ke1 Rb2 52. Rxd6 a4 53. Kd1 a3 54. Kc1 Kxe4 55. Rd5 Rxb6 56. Rxc5 a2 57. Ra5 Rb1+ 58. Kc2 a1Q 0-1